00000000nas##2200000za#4500
0019.509589
003CaOODSP
00520200325104136
007ta
008150406c2001||||xxc|| m #||||f|   |0fre|d
040 |aCaOODSP|bfre
041 |aeng
041 |afre
043 |an-cn---
0861 |aRH4-9
1101 |aCanada.|bDéveloppement des ressources humaines Canada.
24510|aRenseignements sur la santé et la sécurité au travail
260 |aOttawa - Ontario : |bDéveloppement des ressources humaines Canada
546 |aBilingue
563 |aCouverture souple
69107|aNormes du travail|2gcpds
69107|aSanté au travail|2gcpds
7760#|tRenseignements sur la santé et la sécurité au travail |w(CaOODSP)9.503505
7760#|tInformation on occupational health and safety |w(CaOODSP)9.507112
791 |tInformation on occupational health and safety |eeng|w(CaOODSP)9.509588